How to Reach $ 8 Trillion: (Record no. 206281)

MARC details
000 -LEADER
fixed length control field 00629nam a22001937a 4500
005 - DATE AND TIME OF LATEST TRANSACTION
control field 20241010163928.0
010 ## - LCCN (DPL NO)
LC control number ENG-142076
020 ## - INTERNATIONAL STANDARD BOOK NUMBER
Terms of availability 995.00
International Standard Book Number 9789393662101
035 ## - SYSTEM CONTROL NUMBER
System control number EN-125608
037 ## - SOURCE OF ACQUISITION
Source of stock number/acquisition DBAD
082 ## - DEWEY DECIMAL CLASSIFICATION NUMBER
Classification number 339.310954
100 ## - MAIN ENTRY--PERSONAL NAME
Personal name Pramanik, Priyabrata
245 ## - TITLE STATEMENT
Title How to Reach $ 8 Trillion:
Remainder of title A Practical Approach/
Statement of responsibility, etc By Priyabrata Pramanik [and] Syamali Bhadra
260 ## - PUBLICATION, DISTRIBUTION, ETC. (IMPRINT)
Date of publication, distribution, etc 2023
Name of publisher, distributor, etc Academic Publishers
Place of publication, distribution, etc Kolkatta
270 ## - ADDRESS
Address 5A Bhawani Dutta Lane
City Kolkatta
Postal code 700073
300 ## - PHYSICAL DESCRIPTION
Extent 118p
Dimensions 25cm(hb)
700 ## - ADDED ENTRY--PERSONAL NAME
Personal name Bhadra, Syamali
Relator term Author
9 (RLIN) 72618
942 ## - ADDED ENTRY ELEMENTS (KOHA)
Source of classification or shelving scheme Dewey Decimal Classification
Item type English Books
Classification part 339.310954
Call number suffix PRA
Holdings
Withdrawn status Lost status Not for loan Collection code Home library Current library Date acquired Source of acquisition Cost, normal purchase price Full call number Barcode Copy number Cost, replacement price Koha item type
      Non-fiction Central Library Central Library 10/10/2024 Delivery of Books Act Division 995.00 339.310954 PRA EN-125608 1 995.00 English Books

© Delhi Public Library
Hit Counter
free hit counter